| 000 | 00415nam a2200157 a 4500 | ||
|---|---|---|---|
| 005 | 20140412111351.0 | ||
| 008 | 050425s19uu xx 00 eng d | ||
| 050 |
_aER _bDr657 |
||
| 100 | _aDr. Seuss | ||
| 245 |
_aDr. Seuss's ABC / _cDr. Seuss. |
||
| 260 |
_aNew York : _bRandom House, _c1963. |
||
| 300 | _a63 p. ; ill. | ||
| 440 | _aBeginner Books | ||
| 650 |
_aAlphabets _xJuvenile literature |
||
| 999 |
_c105320 _d105320 |
||